• 首页
  • 本馆介绍
  • 公告通知
  • 最新文献
  • 馆藏检索
  • 电子资源
  • 读者导购
  • 参考咨询
  • 我的图书馆
  • 登录
  • 详细信息显示
  • 放入我的书架
  • 预约/预借图书
  • 作者相关作品
  • 分类相关作品
  • 丛书相关作品
  • 出版社相关作品

书目信息

  • 表格格式
  • 工作单格式
  • 卡片格式
题名:
程序教学和教学机器
    
 
作者: 普莱西 著 ;刘范 译
分册:  
出版信息: 北京   人民教育出版社  1979
页数: 435页
开本: 19cm
丛书名:
单 册:
中图分类: G433
科图分类:
主题词: 机器教学 , 教学机器
电子资源:
ISBN:
000 00685nam0 2200265 45
001 0179005110
005 20040425095314.1
010    @dCNY0.93
091    @a7012.059
100    @a19950716d1979 em y0chiy0121 ea
101 1  @achi@ceng
102    @aCN@b110000
105    @ay z 000yy
106    @ar
200 10 @a程序教学和教学机器@Acheng xu jiao xue he jiao xue ji qi@f(美)普莱西等著@g刘范等译
205    @a2版
210    @a北京@c人民教育出版社@d1979
215    @a435页@d19cm
606    @a机器教学
606    @a教学机器
690    @aG433@v3
701  1 @a普莱西@Apu lai xi@4著
702  0 @a刘范@Aliu fan@4译
801  0 @aCN@bNLC@c20040425
905    @f1@b38461@dG433@e2=2
    
    程序教学和教学机器/(美)普莱西等著/刘范等译.-2版.-北京:人民教育出版社,1979
    435页;19cm
    
    
    ISBN :CNY0.93
    
●
相关链接 在E读中查询图书 在五车中查询图书 在当当中查询图书 在豆瓣中查询图书


正题名:程序教学和教学机器     索取号:G433/2=2         预约/预借

序号 登录号 条形码 馆藏地/架位号 状态 备注
1 0038461   000459113   第一样本阅览室/ [索取号:G433/2=2] 在馆    
唐山师范学院图书馆 欢迎您!
大连网信软件有限公司© 版权所有